[Event "Rio de Janeiro Estadual Cup"]
[Site "Rio de Janeiro"]
[Date "2022.07.30"]
[Round "5"]
[White "Guimaraes, Wagner Peixoto"]
[Black "Damasceno, Enzo De Carvalho"]
[Result "1/2-1/2"]
[WhiteElo "2195"]
[BlackElo "1914"]
[PlyCount "59"]
[EventDate "2022.07.23"]
[EventType "swiss"]
[EventRounds "6"]
[EventCountry "BRA"]
[SourceTitle "EXT 2023"]
[Source "ChessBase"]
[SourceDate "2022.10.05"]
[SourceVersion "1"]
[SourceVersionDate "2022.10.05"]
[SourceQuality "1"]

1. d4 d5 2. c4 c6 3. Nf3 Nf6 4. Qc2 e6 5. g3 b6 6. Bg2 Bb7 7. 0-0 Nbd7 8. cxd5 cxd5 9. Nc3 Rc8 10. Qb3 Bd6 11. Nb5 Bb8 12. Bf4 Rc6 13. Ne5 Nxe5 14. dxe5 Nd7 15. e4 Rc5 16. Be3 Rc4 17. Nd6+ Bxd6 18. exd6 Nc5 19. Bxc5 Rxc5 20. Qa4+ Bc6 21. Qd4 f6 22. exd5 Bxd5 23. Qg4 Kf7 24. Rad1 Qxd6 25. b4 Rc6 26. Bxd5 exd5 27. Qh5+ g6 28. Qxd5+ Qxd5 29. Rxd5 Re8 30. Rd2 1/2-1/2

[Event "Sudeste/Centro Oeste-ch U2200"]
[Site "Barbacena"]
[Date "2021.10.23"]
[Round "3"]
[White "Da Silva, Wagner Afonso"]
[Black "Damasceno, Enzo De Carvalho"]
[Result "1/2-1/2"]
[WhiteElo "1925"]
[BlackElo "1692"]
[PlyCount "46"]
[EventDate "2021.10.22"]
[EventType "swiss"]
[EventRounds "5"]
[EventCountry "BRA"]
[SourceTitle "EXT 2023"]
[Source "ChessBase"]
[SourceDate "2022.10.05"]
[SourceVersion "1"]
[SourceVersionDate "2022.10.05"]
[SourceQuality "1"]

1. d4 d5 2. c4 c6 3. Nf3 Nf6 4. Nc3 e6 5. cxd5 cxd5 6. Bf4 Nc6 7. e3 Bd6 8. Bxd6 Qxd6 9. Bd3 0-0 10. 0-0 a6 11. Rc1 Bd7 12. a3 b5 13. b4 Rfc8 14. Qd2 h6 15. Rc2 Ra7 16. Rfc1 Qb8 17. h3 Be8 18. Ne2 Rac7 19. Ng3 Nd8 20. Ne5 Nb7 21. Rc3 Nd6 22. Rxc7 Rxc7 23. Rxc7 Qxc7 1/2-1/2

[Event "Sudeste/Centro Oeste-ch U2200"]
[Site "Barbacena"]
[Date "2021.10.23"]
[Round "2"]
[White "Damasceno, Enzo De Carvalho"]
[Black "Lage, Pedro Ferreira"]
[Result "1/2-1/2"]
[WhiteElo "1692"]
[BlackElo "2144"]
[PlyCount "53"]
[EventDate "2021.10.22"]
[EventType "swiss"]
[EventRounds "5"]
[EventCountry "BRA"]
[SourceTitle "EXT 2023"]
[Source "ChessBase"]
[SourceDate "2022.10.05"]
[SourceVersion "1"]
[SourceVersionDate "2022.10.05"]
[SourceQuality "1"]

1. c4 c6 2. Nc3 d5 3. cxd5 cxd5 4. d4 Nf6 5. Nf3 Nc6 6. Bf4 Bf5 7. Qb3 Na5 8. Qa4+ Bd7 9. Qc2 e6 10. e3 Rc8 11. Bd3 b5 12. a3 Nc4 13. 0-0 Be7 14. h3 0-0 15. Ne5 h6 16. Rfc1 Qa5 17. b4 Qb6 18. Qb3 Rfd8 19. Be2 Be8 20. Nd3 Nd2 21. Qb2 Nfe4 22. Nxe4 Nxe4 23. Nc5 Nxc5 24. bxc5 Qc6 25. Rcb1 a6 26. Qb4 f6 27. a4 1/2-1/2

[Event "Florianopolis op 6th"]
[Site "Florianopolis"]
[Date "2020.01.21"]
[Round "3"]
[White "Damasceno, Enzo De Carvalho"]
[Black "Reis, Caio Jose De Carval"]
[Result "1-0"]
[WhiteElo "1687"]
[BlackElo "1372"]
[PlyCount "43"]
[EventDate "2020.01.20"]
[EventType "swiss"]
[EventRounds "10"]
[EventCountry "BRA"]
[SourceTitle "CBM 194 Extra"]
[Source "ChessBase"]
[SourceDate "2020.03.31"]
[SourceVersion "1"]
[SourceVersionDate "2020.03.31"]
[SourceQuality "1"]

1. d4 Nf6 2. Bg5 e6 3. e4 Be7 4. e5 Nd5 5. Bxe7 Qxe7 6. c4 Qb4+ 7. Qd2 Qxd2+ 8. Kxd2 Nb6 9. Nc3 a6 10. b4 d5 11. c5 N6d7 12. Nf3 0-0 13. b5 c6 14. Bd3 f6 15. Ke3 Kh8 16. Kd2 Rg8 17. g4 Nf8 18. h4 Bd7 19. h5 fxe5 20. Nxe5 Be8 21. Ng6+ Bxg6 22. hxg6 1-0